000 00821cam a2200205 4500
001 WB3707-16
008 000000n2001 000 0 eng u
035 _a(Sirsi) u110927
245 _aMinistry backs out of licensing reform
260 _c2001
490 _aConstruction News
_v(6702) 8 February 2001, 4(1)
520 _aThe DETR has announced that it has shelved its consultation exercise on changing the licensing regime for cleaning up contaminated land, angering remediation contractors. The proposals for a single registration proposal has been put aside in the run-up to the general election.
590 _aWB
650 _aREMEDIATION WORK
650 _aCONTAMINATED LAND REMEDIATION MARKET
650 _aLICENSING
650 _aCONTAMINATED LAND
690 _aENVIRONMENT-CONTAMINATION
942 _n0
999 _c66119
_d66119